000 01797nam a2200229Ii 4500
008 221202s xx 000 0 und d
100 1 _aNaciscione, Anita,
_eauthor
245 0 _aStylistic Use of Phraseological Units in Discourse
264 1 _aAmsterdam & Philadelphia
_bJohn Benjamins Publishing Company
_c2010
300 _a1 online resource
336 _atext
_btxt
_2rdacontent
337 _acomputer
_bc
_2rdamedia
338 _aonline resource
_bcr
_2rdacarrier
520 _aThis interdisciplinary study presents the cutting-edge state of theoretical and applied research in phraseology. The author elaborates key terminology and theoretical concepts of phraseology, while challenging some prevailing assumptions. Exploration of phraseological meaning across sentence boundaries is supported by ample textual illustrations of stylistic use ranging from Old English to Modern English. The book contains innovative research in the discourse-level features of phraseological units from a cognitive perspective, along with creative use of phraseological metaphor, metonymy and allusion, including multimodal discourse. The author argues for the need to raise stylistic awareness among teachers and learners, translators, lexicographers and advertisers. This is the revised and extensively expanded new edition of 'Phraseological Units in Discourse: Towards Applied Stylistics' (2001). It received honourable mention at the ESSE Book Award 2012.
653 _aExtended Metaphor
653 _aLinguistics
653 _aLiteral And Figurative Language
653 _aMetaphor
653 _aMetonymy
856 _uhttps://docs.google.com/spreadsheets/d/1yKIrdCPDAG_9c22mwoOIO2DOhtj65Wqa/edit?usp=sharing&ouid=106555315294820607512&rtpof=true&sd=true
_yList of Curated E-Books
942 _cE-BOOK
999 _c96848
_d96845